书目信息 |
| 题名: |
中国史纲要
|
|
| 作者: | 雷海宗 著 | |
| 分册: | ||
| 出版信息: | 天津 天津人民出版社 2016 |
|
| 页数: | 227页 | |
| 开本: | 21cm | |
| 丛书名: | ||
| 单 册: | ||
| 中图分类: | K220.7 | |
| 科图分类: | ||
| 主题词: | 中国历史--zhong guo li shi--古代史--研究 | |
| 电子资源: | ||
| ISBN: | 978-7-201-10144-6 | |
| 000 | 00801nam0 22002411 450 | |
| 001 | 1730289568 | |
| 005 | 20170527092954.23 | |
| 010 | @a978-7-201-10144-6@b精装@dCNY60.00 | |
| 100 | @a20161019d2016 em y0chiy50 ea | |
| 101 | 0 | @achi |
| 102 | @aCN@b120000 | |
| 105 | @ay z 000yy | |
| 106 | @ar | |
| 200 | 1 | @a中国史纲要@Azhong guo shi gang yao@f雷海宗著 |
| 210 | @a天津@c天津人民出版社@d2016 | |
| 215 | @a227页@d21cm | |
| 300 | @a雷海宗文集 | |
| 330 | @a本书是由史学家雷海宗先生所著的中国古代史,由雷海宗先生讲授中国古代史课程的讲义整理而来,从先秦到清末,讲述中国古代两千多年的历史。 | |
| 606 | 0 | @a中国历史@Azhong guo li shi@x古代史@x研究 |
| 690 | @aK220.7@v5 | |
| 701 | 0 | @a雷海宗@Alei hai zong@f(1902~1962)@4著 |
| 801 | 0 | @aCN@bTANG WEI@c20170523 |
| 905 | @b0968723-7@dK220.7@e105@f5 | |
| 中国史纲要/雷海宗著.-天津:天津人民出版社,2016 |
| 227页;21cm |
| 雷海宗文集 |
| ISBN 978-7-201-10144-6(精装):CNY60.00 |
| 本书是由史学家雷海宗先生所著的中国古代史,由雷海宗先生讲授中国古代史课程的讲义整理而来,从先秦到清末,讲述中国古代两千多年的历史。 |
| ● |
| 相关链接 |
|
|
|
|
正题名:中国史纲要
索取号:K220.7/105
 
预约/预借
| 序号 | 登录号 | 条形码 | 馆藏地/架位号 | 状态 | 备注 |
| 1 | 0968723 | 209687230 | 第二样本阅览室/ [索取号:K220.7/105] | 在馆 | |
| 2 | 0968724 | 209687249 | 第二借阅区/ [索取号:K220.7/105] | 在馆 | |
| 3 | 0968725 | 209687258 | 第二借阅区/ [索取号:K220.7/105] | 在馆 | |
| 4 | 0968726 | 209687267 | 第二借阅区/ [索取号:K220.7/105] | 在馆 | |
| 5 | 0968727 | 209687276 | 密集书库-史法系/ [索取号:K220.7/105] | 在馆 |